00524nam a2200169 a 450000100100000000500170001000800410002702000150006804000250008310000230010824500940013126000320022530000210025749000230027850400300030183000230033100004332520201002040820.0140310s1995 sp 000 0 spa d a842644928X aDO-SdBNPbspacBNPHU1 aEncinar, Ángeles10aCuentos de este siglo :b30 narradoras españolas contemporáneas /cÁngeles Encinar. aBarcelona, :bLumen,c1995. a351 p. ;c19 cm.1 aFemenino Lumenv28 aBibliografía p: 323-351 0aFemenino Lumenn28